By the president of the United States of America. A proclamation : Whereas it is the duty of nations to acknowledge the providence of Almighty God ... and whereas both houses of Congress have, by their joint committee, requested me "to recommend to the people of the United States, a day of public thanksgiving and prayer ... I do recommend and assign Thursday the twenty-sixth day of November next ... Given under my hand, at the city of New-York, the third day of October ... one thousand seven hundred and eighty-nine.

Bibliographic Details
Corporate Author: United States. President (1789-1797 : Washington)
Other Authors: Washington, George, 1732-1799
Format: eBook
Language:English
Series:Early American imprints. Evans (1639-1800) ; no. 22211.
Subjects:
Online Access:Evans Digital Edition

MARC

Tag First Indicator Second Indicator Subfields
LEADER 00000cam a22000001a 4500
001 in00002177404
006 m e d #
007 cr mn mmmmabba
008 870625s1789 nyu s f000 0 eng d
005 20260331153230.2
035 |z w030079 
035 |a MAAR8706251204B 
035 |9 mwa91-17707 
035 |a 347933 
035 |a aas03030079 
040 |a MWA  |c MWA  |e bdrb  |d UtOrBLW 
110 1 |a United States.  |b President (1789-1797 : Washington) 
245 1 0 |a By the president of the United States of America. A proclamation :  |b Whereas it is the duty of nations to acknowledge the providence of Almighty God ... and whereas both houses of Congress have, by their joint committee, requested me "to recommend to the people of the United States, a day of public thanksgiving and prayer ... I do recommend and assign Thursday the twenty-sixth day of November next ... Given under my hand, at the city of New-York, the third day of October ... one thousand seven hundred and eighty-nine. 
264 3 |a [New York] :  |b [Printed by Childs & Swaine],  |c [1789] 
300 |a 1 sheet (1 unnumbered page) 
336 |a text  |b txt  |2 rdacontent 
337 |a computer  |b c  |2 rdamedia 
338 |a online resource  |b cr  |2 rdacarrier 
500 |a Signed: G. Washington. 
500 |a Ascribed to the press of Francis Childs and John Swaine by Evans. 
510 4 |a Evans  |c 22211 
530 |a Microform version available in the Readex Early American Imprints series. 
533 |a Electronic text and image data.  |b [Chester, Vt. :  |c Readex, a division of Newsbank, Inc.,  |d 2002-2004.  |e Includes files in TIFF, GIF and PDF formats with inclusion of keyword searchable text.  |f (Early American imprints. First series ; no. 22211). 
500 |a Electronic resource. 
655 7 |a Broadsides.  |2 rbgenr 
655 7 |a Thanksgiving day proclamations  |y 1789 Nov. 26.  |2 rbgenr 
700 1 |a Washington, George,  |d 1732-1799. 
752 |a United States  |b New York  |d New York. 
830 0 |a Early American imprints.  |n Series I,  |p Evans (1639-1800) ;  |v no. 22211. 
856 4 1 |u http://proxy.library.tamu.edu/login?url=https://opac.newsbank.com/select/evans/22211  |y Evans Digital Edition  |t 0 
999 |a MARS 
999 f f |s b7f68af3-db01-3af1-8acd-1431e5653533  |i a257815c-e8ab-3131-a723-3164e494deb2  |t 0 
952 f f |a Texas A&M University  |b College Station  |c Electronic Resources  |s www_evans  |d Available Online  |t 0  |h No information provided 
998 f f |t 0  |l Available Online